000 01062cam a22003493a 4500
001 1424
003 PGUSA
005 20140828083001.0
008 060219s2006||||xxu|||||s|||||000 1 eng d
040 _aPGUSA
_beng
042 _adc
050 4 _aPR
100 1 _aEdgeworth, Maria,
_d1767-1849
245 1 0 _aCastle Rackrent
_h[electronic resource] /
_cMaria Edgeworth
260 _bProject Gutenberg,
_c2006
506 _aPublic domain in the USA.
516 _aElectronic text
653 _aRural conditions -- Fiction
653 _aDomestic fiction
653 _aPastoral fiction
653 _aLandlord and tenant -- Fiction
653 _aIreland -- Social life and customs -- Fiction
653 _aLandowners -- Fiction
653 _aRich people -- Fiction
653 _aAdministration of estates -- Fiction
653 _aPoor families -- Fiction
653 _aIreland -- Fiction
700 1 _aRitchie, Anne Thackeray,
_d1837-1919
830 0 _aProject Gutenberg
_v1424
856 4 0 _uhttp://www.gutenberg.org/ebooks/1424
942 _cEB
999 _c230772
_d230772